K vybraným otázkam zamestnanosti a výkonnosti ekonomiky SR v procese globalizácie

Vplyv globalizácie na národné ekonomiky. Výkonnosť ekonomiky Slovenskej republiky v globalizačnom procese. Riziká a pozitíva globalizácie. Zaostávanie výkonnosti ekonomiky Slovenskej republiky v porovnaní s krajinami Európskej únie, OECD a Vyšehradskej štvorky. Problém zamestnanosti vo väzbe na Lisa...

Ausführliche Beschreibung

Gespeichert in:
Bibliographische Detailangaben
1. Verfasser: Blašková, Mária
Weitere Verfasser: Rievajová, Eva
Format: Buchkapitel
Sprache:Slowakisch
Schlagworte:
Tags: Tag hinzufügen
Keine Tags, Fügen Sie das erste Tag hinzu!

MARC

LEADER 00000naa$a2200000$$$4500
001 0049058
005 20240502071550.2
041 0 |a slo 
044 |a SK 
245 1 0 |a K vybraným otázkam zamestnanosti a výkonnosti ekonomiky SR v procese globalizácie  |c Mária Blašková, Eva Rievajová 
520 |a Vplyv globalizácie na národné ekonomiky. Výkonnosť ekonomiky Slovenskej republiky v globalizačnom procese. Riziká a pozitíva globalizácie. Zaostávanie výkonnosti ekonomiky Slovenskej republiky v porovnaní s krajinami Európskej únie, OECD a Vyšehradskej štvorky. Problém zamestnanosti vo väzbe na Lisabonskú stratégiu. Lisabonská stratégia pre Slovensko. Hlavný strednodobý cieľ na slovenskom trhu práce. 
610 2 0 |a výkonnosť ekonomiky 
610 2 0 |a produkt domáci hrubý 
610 2 0 |a rozvoj hospodársky 
610 2 0 |a zamestnanosť 
610 2 0 |a nezamestnanosť 
610 2 0 |a spoločnosť vedomostná 
610 2 0 |a konkurencieschopnosť 
610 2 0 |a globalizácia 
610 2 0 |a Slovensko 
100 1 |a Blašková, Mária 
700 1 |a Rievajová, Eva